00362 2200157 4500001002100000005001500021035002000036245004200056100001300098300001100111260002600122082000800148084001400156020002200170990001200192INLIS00000000000168720250429014451 a0010-04250001031 aOlahraga Bela Diri Karate /cMimin Us0 aMimin Us a52 hlm aJakarta :bAnak Saleh a700 a700 MIM o a978-602-8250-33-7 a0754656